Top 10 Länder mit den meisten Zeitzonen - Statistiken

Allgemein
  • Dieses Quiz wurde 773 mal gespielt
  • Das Durchschnittsergebnis liegt bei 7 aus 10
Antwortstatistiken
# Land % Korrekt
11 Russland
99%
11 Vereinigte Staaten
99%
6 Kanada
91%
4 Brasilien
88%
8 Australien
85%
12 Frankreich
75%
4 Mexiko
69%
9 Vereinigtes Königreich
64%
4 Dänemark
35%
5 Neuseeland
31%
Keine übereinstimmenden Quizze gefunden
Verteilung der Resultate
Anzahl Personen mit jedem Resultat
Perzentil nach korrekt beantworteten Fragen
Ihre Resultats-Entwicklung
Sie haben dieses Quiz noch nicht gespielt